| 000 | 00715nam a22002413a 4500 | ||
|---|---|---|---|
| 005 | 20220924063639.0 | ||
| 008 | 011105s1987 mx fr 000 0 spa d | ||
| 020 | _a842711.0049 | ||
| 035 | _aUPN01000113736 | ||
| 049 | _aCG | ||
| 050 | 4 |
_aLC6515 _bW4.38 1987 |
|
| 100 | 1 | _aWeidenmann, Bernd. | |
| 245 | 1 | 0 |
_aEntrenese a discutir : _bconvencer en vez de arengar, razonar en vez de atacar / _cBernd Weidenmann. |
| 250 | _a3a ed. | ||
| 260 |
_aBilbao, Esp. : _bMensajero, _c1987 |
||
| 300 |
_a117 p. : _bil. |
||
| 500 | _aTraducción de: Diskussions training. | ||
| 650 | 4 |
_aDISCUSION _914170 |
|
| 650 | 7 |
_aHablar en público _2 _9173 |
|
| 901 | _a164911/164912/164913 | ||
| 902 | _aMITM/pgv | ||
| 905 | _aLibro | ||
| 999 |
_c87644 _d87644 |
||